BIBLIOTECA PODER JUDICIAL
Portal Judicial TDF

La prueba indiciaria nuevamente en el banquillo : (Registro nro. 5541)

000 -LEADER
fixed length control field 01417nab a22002657a 4500
003 - CONTROL NUMBER IDENTIFIER
control field OSt
005 - DATE AND TIME OF LATEST TRANSACTION
control field 20251215152235.0
008 - FIXED-LENGTH DATA ELEMENTS--GENERAL INFORMATION
fixed length control field 190429b xxu||||| |||| 00| 0 spa d
040 ## - CATALOGING SOURCE
Transcribing agency PJ
100 ## - MAIN ENTRY--PERSONAL NAME
9 (RLIN) 6522
Personal name Aguirre Álvarez, Agostina M.
245 13 - TITLE STATEMENT
Title La prueba indiciaria nuevamente en el banquillo :
Remainder of title un análisis crítico de la valoración probatoria en las sentencias condenatorias /
Statement of responsibility, etc Agostina M. Aguirre Álvarez.
260 ## - PUBLICATION, DISTRIBUTION, ETC. (IMPRINT)
Date of publication, distribution, etc Ciudad Autónoma de Buenos Aires :
Place of publication, distribution, etc Thomson Reuters La Ley,
Name of publisher, distributor, etc 2025.
300 ## - PHYSICAL DESCRIPTION
Extent p. 160-165
500 ## - GENERAL NOTE
General note Cita: AR/DOC/182/2025.
505 ## - FORMATTED CONTENTS NOTE
Formatted contents note Sumario: I. Introducción.— II. Decisión del Tribunal.— III. Reflexión crítica.
505 ## - FORMATTED CONTENTS NOTE
Title Fallo comentado: Tribunal en lo Criminal Nro. 1 de San Nicolás ~ 18/06/2024 ~ G., P. D. s/ homicidio calificado por el vínculo, por la alevosía y por el medio empleado (dos hechos) y homicidio calificado por la alevosía y por el medio empleado y daño en concurso real.
505 ## - FORMATTED CONTENTS NOTE
Title Si te interesa el texto completo, solicitalo a koha@justierradelfuego.gov.ar
650 #0 - SUBJECT ADDED ENTRY--TOPICAL TERM
9 (RLIN) 343
Topical term or geographic name as entry element DERECHO PENAL
650 #0 - SUBJECT ADDED ENTRY--TOPICAL TERM
9 (RLIN) 1975
Topical term or geographic name as entry element PRUEBA
650 #0 - SUBJECT ADDED ENTRY--TOPICAL TERM
9 (RLIN) 2913
Topical term or geographic name as entry element HOMICIDIO
650 #0 - SUBJECT ADDED ENTRY--TOPICAL TERM
9 (RLIN) 2934
Topical term or geographic name as entry element HOMICIDIO CON ALEVOSÍA
650 #0 - SUBJECT ADDED ENTRY--TOPICAL TERM
9 (RLIN) 4933
Topical term or geographic name as entry element PRISIÓN PERPETUA
773 0# - HOST ITEM ENTRY
Host Biblionumber 2658
Host Itemnumber 3164
Title Revista de derecho penal y criminología. Nº 2 - Marzo 2025
Place, publisher, and date of publication Ciudad Autónoma de Buenos Aires : Thomson Reuters La Ley, 2017-
International Standard Serial Number 00347914
942 ## - ADDED ENTRY ELEMENTS (KOHA)
Source of classification or shelving scheme
Koha item type Analítica Artículo de Revista

No hay ítems disponibles.

12 de Octubre 789 Ushuaia - Tel:  54(02901)441571
Horario de Atención: 8.00 a 17.00 hs. 
bibliotecaush@justierradelfuego.gov.ar
koha@justierradelfuego.gov.ar
Seguinos en nuestras redes @bibliojustdf 

Con tecnología Koha